| 000 | 01309nam a22002057a 4500 | ||
|---|---|---|---|
| 005 | 20240604162657.0 | ||
| 010 | _aB-758079-085 HIN-127817 | ||
| 020 |
_a9789355320339 _c530.00 |
||
| 035 | _aB-758079-085 | ||
| 035 | _aHN-100163 | ||
| 082 | _a363.7402 | ||
| 100 |
_aअग्रहरी, रवि पी. _967366 |
||
| 245 |
_aपर्यावरणीय पारिस्थितिकी, जैव विविधता, जलवायु परिवर्तन एवं आपदा प्रबंधन / _b _c रवि पी. अग्रहरी |
||
| 260 |
_aतमिलनाडु , _bMcGraw Hill _c2023 |
||
| 270 |
_aअंजना काम्प्लेक्स न.5/90ए , बट रोड , सत.थॉमस माउंट , _bचेन्नई _e600016 |
||
| 300 |
_aविविध पृ. _b24 सेमी (अजिल्द) |
||
| 500 | _aचतुर्थ संस्करण (वर्ग : I-V) | ||
| 942 |
_2ddc _cHN _h363.7402 _mअग्रह |
||
| 999 |
_c200170 _d200170 |
||